[Event "14. Obert Int. Sant Marti 2012"]
[Site "Barcelona ESP"]
[Date "2012.07.17"]
[Round "5.39"]
[White "Montalban Galvez, Antoni"]
[Black "Tarrago Domingo, Miguel"]
[Result "1/2-1/2"]
[WhiteElo "2204"]
[BlackElo "2046"]
[PlyCount "146"]
[EventDate "2012.07.13"]
[EventType "swiss"]
[EventRounds "9"]
[EventCountry "ESP"]
[SourceTitle "Ajedrez en Madrid"]
[Source "lmi"]
[SourceDate "2012.07.13"]
[SourceVersion "1"]
[SourceVersionDate "2019.06.21"]
[SourceQuality "1"]

1. Nf3 Nf6 2. c4 c5 3. g3 g6 4. Bg2 Bg7 5. O-O O-O 6. d4 cxd4 7. Nxd4 Nc6 8.
Nc3 Nxd4 9. Qxd4 d6 10. Qd3 Rb8 11. Bd2 Bd7 12. b3 Qc7 13. Rac1 Rfc8 14. h3 Bc6
15. e4 b6 16. Rfe1 Qb7 17. Nd5 b5 18. Nb4 bxc4 19. Rxc4 e6 20. Rec1 Be8 21. e5
Nd5 22. Nxd5 exd5 23. Bxd5 Qd7 24. Rxc8 Rxc8 25. Rxc8 Qxc8 26. exd6 Qxh3 27.
Qc4 h5 28. Bg2 Qd7 29. Qc7 Be5 30. Be3 a6 31. Qxd7 Bxd7 32. Bc5 Bc3 33. Bd5 Kf8
34. Kg2 Ke8 35. Kf3 Be6 36. Bc6+ Bd7 37. Bb7 a5 38. Ke3 g5 39. Kd3 Be1 40. Ke2
Bc3 41. Bd5 h4 42. gxh4 gxh4 43. Kf3 Bb4 44. Bb6 a4 45. bxa4 Bxa4 46. Kg4 Bxd6
47. Kxh4 Ke7 48. Kg4 Ba3 49. Kf4 Bc2 50. Ke3 f5 51. Kd2 Ba4 52. Bc7 Bc5 53. f4
Bd4 54. Be5 Bc5 55. Kc3 Ba3 56. Kc4 Kd7 57. Bd4 Bc6 58. Bg8 Be4 59. Be5 Bc2 60.
Kd4 Kc6 61. Ke3 Be4 62. Kf2 Bd5 63. Bh7 Be6 64. Kg3 Kd5 65. Kf3 Kc4 66. Kg3 Kd3
67. Kh4 Ke4 68. Kg5 Be7+ 69. Bf6 Bd6 70. Be5 Bxe5 71. fxe5 Kxe5 72. a4 Bc8 73.
a5 Kd6 1/2-1/2

[Event "14. Obert Int. Sant Marti 2012"]
[Site "Barcelona ESP"]
[Date "2012.07.17"]
[Round "5.40"]
[White "Lacasta Palacio, Joaquim"]
[Black "Khairullin, Adel"]
[Result "1-0"]
[WhiteElo "2195"]
[BlackElo "2004"]
[PlyCount "103"]
[EventDate "2012.07.13"]
[EventType "swiss"]
[EventRounds "9"]
[EventCountry "ESP"]
[SourceTitle "Ajedrez en Madrid"]
[Source "lmi"]
[SourceDate "2012.07.13"]
[SourceVersion "1"]
[SourceVersionDate "2019.06.21"]
[SourceQuality "1"]

1. g3 d5 2. f4 c6 3. Nf3 Nf6 4. Bg2 Bf5 5. O-O e6 6. d3 Bc5+ 7. e3 O-O 8. Qe2
Nbd7 9. Nc3 b5 10. h3 h5 11. Nd4 Bxd4 12. exd4 b4 13. Na4 Qc7 14. Be3 Bg6 15.
Bf3 Nb6 16. Nc5 Nc8 17. Qd2 Qb6 18. g4 hxg4 19. hxg4 Rd8 20. Kg2 Nd7 21. Rh1
Nxc5 22. dxc5 Qb7 23. Bd4 Re8 24. Rae1 f6 25. Kg1 a5 26. Qh2 Na7 27. g5 Nb5 28.
Bxf6 Kf7 29. Be5 Qe7 30. Qf2 Rh8 31. Kg2 a4 32. Rxh8 Rxh8 33. Rh1 Rxh1 34. Kxh1
Qf8 35. Bg4 Bf5 36. Bxf5 exf5 37. Qh4 Qg8 38. g6+ Kxg6 39. Qg5+ Kf7 40. Qxf5+
Ke7 41. Qg5+ Kf7 42. Qh5+ Ke7 43. f5 d4 44. Qg5+ Ke8 45. Qg6+ Kd8 46. Bxg7 Qd5+
47. Kg1 Qf3 48. f6 Qe3+ 49. Kh2 Qf4+ 50. Kh3 Qf3+ 51. Kh4 Qf4+ 52. Qg4 1-0

[Event "14. Obert Int. Sant Marti 2012"]
[Site "Barcelona ESP"]
[Date "2012.07.17"]
[Round "5.41"]
[White "Garcia Castellote, Oscar"]
[Black "Deleyn, Gunter"]
[Result "0-1"]
[WhiteElo "2088"]
[BlackElo "2197"]
[PlyCount "98"]
[EventDate "2012.07.13"]
[EventType "swiss"]
[EventRounds "9"]
[EventCountry "ESP"]
[SourceTitle "Ajedrez en Madrid"]
[Source "lmi"]
[SourceDate "2012.07.13"]
[SourceVersion "1"]
[SourceVersionDate "2019.06.21"]
[SourceQuality "1"]

1. e4 g6 2. d3 Bg7 3. g3 c5 4. Bg2 Nc6 5. f4 e6 6. Nf3 Nge7 7. O-O O-O 8. c3 d6
9. Be3 Rb8 10. d4 cxd4 11. cxd4 b5 12. Bf2 a5 13. Nbd2 Bb7 14. e5 Nb4 15. Qe2
Bd5 16. a3 Nbc6 17. Rfd1 a4 18. Ne4 Bxe4 19. Qxe4 d5 20. Qe2 Qb6 21. Be1 Rfc8
22. Bc3 Na5 23. Bxa5 Qxa5 24. Rac1 Bf8 25. Bf1 b4 26. axb4 Qxb4 27. Ra1 Rc4 28.
Qd2 Qxd2 29. Rxd2 Rcb4 30. Rc2 Nf5 31. Rd2 Nxd4 32. Nxd4 Bc5 33. Rad1 Rxd4 34.
Rxd4 Rb4 35. Kh1 Bxd4 36. Bb5 Bxb2 37. Bd3 Rd4 38. Bc2 Rxd1+ 39. Bxd1 a3 40.
Bb3 g5 41. Kg2 gxf4 42. gxf4 Kg7 43. Kf3 f5 44. Ba2 Bc1 45. Bb3 Kf7 46. Ba2 d4
47. h3 h6 48. Bc4 d3 49. Bb3 Bxf4 0-1

[Event "14. Obert Int. Sant Marti 2012"]
[Site "Barcelona ESP"]
[Date "2012.07.17"]
[Round "5.43"]
[White "Meza Martinez, Alcides Ivan"]
[Black "Garcia Mosquera, David"]
[Result "1-0"]
[WhiteElo "2187"]
[BlackElo "2033"]
[PlyCount "73"]
[EventDate "2012.07.13"]
[EventType "swiss"]
[EventRounds "9"]
[EventCountry "ESP"]
[SourceTitle "Ajedrez en Madrid"]
[Source "lmi"]
[SourceDate "2012.07.13"]
[SourceVersion "1"]
[SourceVersionDate "2019.06.21"]
[SourceQuality "1"]

1. c4 g6 2. g3 Bg7 3. Bg2 c5 4. e3 Nc6 5. Ne2 e5 6. Nbc3 Nge7 7. O-O d6 8. d3
O-O 9. b3 f5 10. Bb2 g5 11. f4 Ng6 12. Nd5 Be6 13. Qd2 Rc8 14. a3 Nce7 15. b4
Nxd5 16. cxd5 Bd7 17. bxc5 gxf4 18. exf4 Rxc5 19. Kh1 Qb6 20. Bc3 Rfc8 21. Rac1
a5 22. d4 exd4 23. Bxd4 Bxd4 24. Qxd4 Bb5 25. Rfe1 Bxe2 26. Rb1 Qa6 27. Qe3 Bd3
28. Qe6+ Kg7 29. Qd7+ Kh6 30. Rxb7 Qxb7 31. Qxb7 Rc1 32. Rg1 R1c2 33. h4 R8c7
34. Qb6 R7c3 35. Qxd6 Rd2 36. h5 Kxh5 37. Qf6 1-0

[Event "14. Obert Int. Sant Marti 2012"]
[Site "Barcelona ESP"]
[Date "2012.07.17"]
[Round "5.44"]
[White "Layola Barrionuevo, Javier"]
[Black "Hernandez Moya, Yuleisy"]
[Result "0-1"]
[WhiteElo "2061"]
[BlackElo "2177"]
[PlyCount "84"]
[EventDate "2012.07.13"]
[EventType "swiss"]
[EventRounds "9"]
[EventCountry "ESP"]
[SourceTitle "Ajedrez en Madrid"]
[Source "lmi"]
[SourceDate "2012.07.13"]
[SourceVersion "1"]
[SourceVersionDate "2019.06.21"]
[SourceQuality "1"]

1. e4 c5 2. Nf3 e6 3. d4 cxd4 4. Nxd4 Nc6 5. Nb5 d6 6. Bf4 e5 7. Be3 Nf6 8.
N1c3 a6 9. Na3 b5 10. Nd5 Rb8 11. f3 Nxd5 12. exd5 Ne7 13. c4 b4 14. Nc2 Nf5
15. Bf2 Be7 16. Bd3 O-O 17. a3 a5 18. axb4 axb4 19. O-O Bd7 20. b3 Nh4 21. Qe2
f5 22. Ra6 Ng6 23. g3 Qc8 24. Rfa1 e4 25. fxe4 f4 26. Nd4 Bg4 27. Qc2 fxg3 28.
hxg3 Ne5 29. Be2 Qe8 30. Nc6 Nf3+ 31. Bxf3 Bxf3 32. Nxe7+ Qxe7 33. Qb2 Qg5 34.
Be1 Bxe4 35. Qd4 Qg4 36. Ra7 Rf6 37. Rxg7+ Kxg7 38. Qa7+ Rf7 39. Qd4+ Kg6 40.
Ra6 Qf3 41. Rxd6+ Kh5 42. Rh6+ Kxh6 0-1

[Event "14. Obert Int. Sant Marti 2012"]
[Site "Barcelona ESP"]
[Date "2012.07.17"]
[Round "5.45"]
[White "Diaz-flores Garcia, Pablo"]
[Black "Ponce Garcia, Joan"]
[Result "1-0"]
[WhiteElo "2018"]
[BlackElo "2102"]
[PlyCount "59"]
[EventDate "2012.07.13"]
[EventType "swiss"]
[EventRounds "9"]
[EventCountry "ESP"]
[SourceTitle "Ajedrez en Madrid"]
[Source "lmi"]
[SourceDate "2012.07.13"]
[SourceVersion "1"]
[SourceVersionDate "2019.06.21"]
[SourceQuality "1"]

1. d4 Nf6 2. Bg5 c5 3. e3 Qb6 4. Bxf6 gxf6 5. Nf3 Qxb2 6. Nbd2 cxd4 7. Rb1 Qc3
8. Nxd4 Nc6 9. Rb3 Qa5 10. Rb5 Qc7 11. Bd3 Nxd4 12. exd4 Qc3 13. O-O Qxd4 14.
Qf3 a6 15. Rd5 Qb4 16. Ne4 Bg7 17. c3 Qa3 18. Re1 Kf8 19. Bc4 d6 20. Rg5 Be6
21. Bxe6 fxe6 22. Rxg7 Kxg7 23. Qg4+ Kh6 24. Qxe6 Rhf8 25. Ng3 Rae8 26. Nf5+
Kg6 27. h4 Qb2 28. Re3 h6 29. Nxe7+ Kg7 30. Rg3+ 1-0

[Event "14. Obert Int. Sant Marti 2012"]
[Site "Barcelona ESP"]
[Date "2012.07.17"]
[Round "5.46"]
[White "Franch Guiral, Ramon"]
[Black "Vazquez Gamero, Miguel"]
[Result "1/2-1/2"]
[WhiteElo "1948"]
[BlackElo "2088"]
[PlyCount "108"]
[EventDate "2012.07.13"]
[EventType "swiss"]
[EventRounds "9"]
[EventCountry "ESP"]
[SourceTitle "Ajedrez en Madrid"]
[Source "lmi"]
[SourceDate "2012.07.13"]
[SourceVersion "1"]
[SourceVersionDate "2019.06.21"]
[SourceQuality "1"]

1. e4 d5 2. exd5 Qxd5 3. Nc3 Qa5 4. Bc4 Nf6 5. d3 Bg4 6. Nge2 Nbd7 7. Bd2 c6 8.
f3 Bh5 9. Nf4 e6 10. Qe2 Qe5 11. O-O-O Qxe2 12. Ncxe2 e5 13. Nxh5 Nxh5 14. Rhe1
Bd6 15. g4 Nhf6 16. Ng3 O-O 17. Nf5 Bc7 18. h4 a5 19. d4 exd4 20. Nxd4 Rfe8 21.
Bf1 Ne5 22. Be2 Nd5 23. h5 g6 24. f4 Bb6 25. c3 Nd7 26. hxg6 hxg6 27. Bf3 Bc7
28. Bxd5 cxd5 29. Rg1 Re4 30. Rde1 Rae8 31. Rxe4 Rxe4 32. Rf1 Bb6 33. Re1 Nf6
34. g5 Rxe1+ 35. Bxe1 Nh5 36. Bd2 Kf8 37. Kc2 Ke7 38. Kd3 Ng3 39. Be3 Kd7 40.
c4 Bxd4 41. Bxd4 dxc4+ 42. Kxc4 Kc6 43. a4 Nf5 44. Bc3 Nd6+ 45. Kd4 b5 46. Bxa5
bxa4 47. Bb4 Ne8 48. Ke5 Kb5 49. Ba3 Kc4 50. Ke4 Ng7 51. Bd6 Ne6 52. Ke5 Ng7
53. Ke4 Ne8 54. Be5 Kc5 1/2-1/2

[Event "14. Obert Int. Sant Marti 2012"]
[Site "Barcelona ESP"]
[Date "2012.07.17"]
[Round "5.47"]
[White "Severri Arrese, Carlos"]
[Black "Olive Oller, Guim"]
[Result "0-1"]
[WhiteElo "1996"]
[BlackElo "1850"]
[PlyCount "136"]
[EventDate "2012.07.13"]
[EventType "swiss"]
[EventRounds "9"]
[EventCountry "ESP"]
[SourceTitle "Ajedrez en Madrid"]
[Source "lmi"]
[SourceDate "2012.07.13"]
[SourceVersion "1"]
[SourceVersionDate "2019.06.21"]
[SourceQuality "1"]

1. d4 d5 2. Nf3 Nf6 3. e3 Bg4 4. Be2 c5 5. c3 e6 6. O-O Nc6 7. Nbd2 Rc8 8. Ne5
Bxe2 9. Qxe2 Bd6 10. f4 O-O 11. Rf3 Ne4 12. Nxe4 dxe4 13. Rh3 f6 14. Ng4 f5 15.
Ne5 Bxe5 16. fxe5 Rf7 17. Bd2 Rfc7 18. Be1 g5 19. Rh6 Qd5 20. Qh5 Rg7 21. h4 g4
22. Bg3 cxd4 23. exd4 Qd7 24. Rf6 Qe8 25. Qh6 Rg6 26. Rxg6+ Qxg6 27. Qe3 Ne7
28. Bf4 Nd5 29. Qg3 h5 30. Re1 Qe8 31. Bc1 Qa4 32. a3 Rf8 33. Qf2 Qc4 34. g3
Qd3 35. Be3 Rf7 36. Bh6 Qf3 37. Qxf3 gxf3 38. c4 Nb6 39. b3 Rd7 40. Be3 Kf8 41.
Kf2 Nc8 42. Rd1 Ne7 43. Bc1 Nc6 44. Rd2 Rxd4 45. Rxd4 Nxd4 46. b4 a6 47. a4 Nc6
48. b5 axb5 49. cxb5 Nxe5 50. a5 Nc4 51. a6 bxa6 52. bxa6 Nb6 53. Bf4 Ke8 54.
Be5 Kd7 55. Bd4 Na8 56. Ke1 Kc6 57. Kd2 Kb5 58. a7 Ka6 59. Ke3 Kb7 60. Kf4 Nc7
61. Ke3 Nb5 62. Bc5 Nxa7 63. g4 fxg4 64. Kxe4 Nc6 65. Bf2 Ka6 66. Kf4 Ne7 67.
Kg5 Nf5 68. Kf4 Kb5 0-1

[Event "14. Obert Int. Sant Marti 2012"]
[Site "Barcelona ESP"]
[Date "2012.07.17"]
[Round "5.48"]
[White "Quero Ortega, Juan"]
[Black "Masferrer Niubo, Enric"]
[Result "0-1"]
[WhiteElo "1877"]
[BlackElo "2000"]
[PlyCount "80"]
[EventDate "2012.07.13"]
[EventType "swiss"]
[EventRounds "9"]
[EventCountry "ESP"]
[SourceTitle "Ajedrez en Madrid"]
[Source "lmi"]
[SourceDate "2012.07.13"]
[SourceVersion "1"]
[SourceVersionDate "2019.06.21"]
[SourceQuality "1"]

1. e4 d6 2. d4 Nf6 3. Nc3 g6 4. Nf3 Bg7 5. Be2 O-O 6. O-O c6 7. h3 b5 8. Bg5 b4
9. Na4 Nxe4 10. Be3 Ba6 11. c4 bxc3 12. Nxc3 Nxc3 13. bxc3 Bxe2 14. Qxe2 Nd7
15. Rab1 Rb8 16. Qa6 Qc7 17. Bg5 f6 18. Be3 Rb6 19. Qc4+ d5 20. Qd3 Rfb8 21.
Rxb6 Qxb6 22. c4 Qa6 23. Rc1 Nb6 24. Nd2 Qxa2 25. cxd5 cxd5 26. Qb5 Qa4 27.
Qxa4 Nxa4 28. Rc7 a5 29. Rxe7 Nb6 30. Ra7 a4 31. Bf4 Ra8 32. Rxa8+ Nxa8 33. Nb1
f5 34. Be5 Bxe5 35. dxe5 f4 36. Kf1 Kf7 37. Ke2 Ke6 38. Kd3 Kxe5 39. f3 Nb6 40.
Na3 Nc4 0-1

[Event "14. Obert Int. Sant Marti 2012"]
[Site "Barcelona ESP"]
[Date "2012.07.17"]
[Round "5.49"]
[White "De Azua Arpi, Rafael"]
[Black "Garcia Acosta, Roger"]
[Result "1/2-1/2"]
[WhiteElo "1952"]
[BlackElo "1894"]
[PlyCount "101"]
[EventDate "2012.07.13"]
[EventType "swiss"]
[EventRounds "9"]
[EventCountry "ESP"]
[SourceTitle "Ajedrez en Madrid"]
[Source "lmi"]
[SourceDate "2012.07.13"]
[SourceVersion "1"]
[SourceVersionDate "2019.06.21"]
[SourceQuality "1"]

1. d4 d5 2. c4 e6 3. Nc3 Be7 4. Bf4 Nf6 5. e3 b6 6. Bd3 Bb7 7. Nf3 O-O 8. O-O
c5 9. cxd5 exd5 10. Rc1 Nc6 11. h3 Re8 12. Re1 h6 13. Nb5 c4 14. Bb1 Bb4 15.
Rf1 Re7 16. a3 Ba5 17. Ne5 a6 18. Nc3 b5 19. Ng4 Nxg4 20. Qxg4 Bc8 21. Qf3 Be6
22. Ne2 Bb6 23. Rcd1 Qd7 24. e4 Rae8 25. e5 Bf5 26. Be3 Bxb1 27. Rxb1 Rd8 28.
Qg3 Kh7 29. f4 f6 30. Rf3 f5 31. Qf2 Rb8 32. Kh2 b4 33. Qe1 Ba5 34. Bd2 Qc7 35.
axb4 Bxb4 36. Qd1 Bxd2 37. Qxd2 Nb4 38. Ra3 Re6 39. Nc3 Qd8 40. g3 Nd3 41. Qg2
Reb6 42. Ra2 Nb4 43. Raa1 Qd7 44. Na4 Nd3 45. Nxb6 Rxb6 46. Qc2 Qb5 47. Kg1 Rb7
48. Qc3 Qc6 49. Ra2 Rb3 50. Qa5 Rb6 51. Qd2 1/2-1/2

[Event "14. Obert Int. Sant Marti 2012"]
[Site "Barcelona ESP"]
[Date "2012.07.17"]
[Round "5.50"]
[White "Ruiz Molina, Gabriel"]
[Black "Nadal Fajardo, Ricard"]
[Result "1-0"]
[WhiteElo "1945"]
[BlackElo "1707"]
[PlyCount "93"]
[EventDate "2012.07.13"]
[EventType "swiss"]
[EventRounds "9"]
[EventCountry "ESP"]
[SourceTitle "Ajedrez en Madrid"]
[Source "lmi"]
[SourceDate "2012.07.13"]
[SourceVersion "1"]
[SourceVersionDate "2019.06.21"]
[SourceQuality "1"]

1. d4 Nf6 2. c4 g6 3. Nc3 Bg7 4. e4 d6 5. Be2 Nbd7 6. Nf3 e5 7. O-O O-O 8. Be3
Re8 9. Qc2 Ng4 10. Bg5 Bf6 11. Bxf6 Ngxf6 12. d5 a6 13. Nd2 Rf8 14. Rae1 Kh8
15. Qd3 Ne8 16. f4 Ng7 17. Qg3 f5 18. fxe5 Nxe5 19. Nb3 b6 20. Nd4 f4 21. Rxf4
Bd7 22. Ref1 Qe7 23. Qh4 g5 24. Rxf8+ Rxf8 25. Rxf8+ Qxf8 26. Qxg5 Ng6 27. Bg4
Bxg4 28. Qxg4 Ne5 29. Qe2 Qf4 30. g3 Qg5 31. Kg2 Nh5 32. Ne6 Qg6 33. b3 Ng4 34.
Qf3 Nhf6 35. h3 Ne5 36. Qf5 Qh6 37. Qg5 Qxg5 38. Nxg5 Nd3 39. Ne6 Ne8 40. Kf3
Kg8 41. h4 Kf7 42. g4 Kf6 43. Ne2 Ke5 44. g5 Nc5 45. Nf8 Ng7 46. Ng3 a5 47. h5
1-0

[Event "14. Obert Int. Sant Marti 2012"]
[Site "Barcelona ESP"]
[Date "2012.07.17"]
[Round "5.52"]
[White "Escobar Figueroa, Sandra"]
[Black "Cano Sevila, Ivan"]
[Result "0-1"]
[WhiteElo "1842"]
[BlackElo "1521"]
[PlyCount "114"]
[EventDate "2012.07.13"]
[EventType "swiss"]
[EventRounds "9"]
[EventCountry "ESP"]
[SourceTitle "Ajedrez en Madrid"]
[Source "lmi"]
[SourceDate "2012.07.13"]
[SourceVersion "1"]
[SourceVersionDate "2019.06.21"]
[SourceQuality "1"]

1. e4 c5 2. Nf3 d6 3. d4 cxd4 4. Qxd4 Nc6 5. Bb5 Bd7 6. Bxc6 bxc6 7. c4 c5 8.
Qd3 Nf6 9. Nc3 a6 10. O-O g6 11. Bg5 Bg7 12. Rac1 O-O 13. b3 h6 14. Bf4 Qc7 15.
e5 dxe5 16. Bxe5 Qc8 17. Bxf6 Bxf6 18. Nd5 Qd8 19. Nxf6+ exf6 20. Qd6 Bg4 21.
Qxc5 Bxf3 22. gxf3 Qd2 23. a3 Qd3 24. Qe3 Qf5 25. Qe4 Qg5+ 26. Qg4 Qa5 27. Ra1
Rfd8 28. b4 Qa4 29. Qe4 Re8 30. Qf4 Kg7 31. Rfd1 Rad8 32. Rd5 Rxd5 33. cxd5 Re5
34. d6 Rd5 35. Rc1 Qxa3 36. Rc5 Rxc5 37. bxc5 Qxc5 38. d7 Qd5 39. Qc7 Qg5+ 40.
Kh1 Qb5 41. Kg1 Qg5+ 42. Kf1 Qb5+ 43. Ke1 Qb4+ 44. Kd1 Qb1+ 45. Kd2 Qb4+ 46.
Kd3 Qb3+ 47. Kd4 Qb4+ 48. Kd5 Qb5+ 49. Kd4 Qb4+ 50. Qc4 Qd6+ 51. Qd5 Qb4+ 52.
Kd3 Qb1+ 53. Kc4 Qc1+ 54. Kb4 Qb2+ 55. Kc5 Qb5+ 56. Kd6 Qb8+ 57. Ke7 Qf8# 0-1

[Event "14. Obert Int. Sant Marti 2012"]
[Site "Barcelona ESP"]
[Date "2012.07.18"]
[Round "6.1"]
[White "Perez Mitjans, Orelvis"]
[Black "Quesada Perez, Yuniesky"]
[Result "1/2-1/2"]
[WhiteElo "2504"]
[BlackElo "2626"]
[PlyCount "166"]
[EventDate "2012.07.13"]
[EventType "swiss"]
[EventRounds "9"]
[EventCountry "ESP"]
[SourceTitle "Ajedrez en Madrid"]
[Source "lmi"]
[SourceDate "2012.07.13"]
[SourceVersion "1"]
[SourceVersionDate "2019.06.21"]
[SourceQuality "1"]

1. e4 c5 2. Nf3 e6 3. d4 cxd4 4. Nxd4 Nc6 5. Nc3 Qc7 6. Be3 a6 7. Bd3 Nf6 8.
O-O Nxd4 9. Bxd4 Bc5 10. Be2 e5 11. Bxc5 Qxc5 12. Qd3 b5 13. Rfd1 Bb7 14. Bf3
Rc8 15. a3 O-O 16. Qd6 Rfd8 17. g4 h6 18. h4 Ne8 19. Qxc5 Rxc5 20. Rd2 Kf8 21.
Ne2 Nc7 22. c3 Ne6 23. Ng3 g6 24. a4 Rc7 25. axb5 axb5 26. Be2 Bc6 27. f3 Nc5
28. Ra3 Rcc8 29. b4 Ne6 30. Ra5 Ra8 31. Rda2 Rab8 32. Ra6 Rdc8 33. Bf1 Ke7 34.
h5 Kf6 35. Kf2 Kg5 36. Rd2 Nf4 37. hxg6 fxg6 38. Ra5 Kf6 39. Ne2 Ne6 40. Nc1
Ke7 41. Nd3 d6 42. Kg3 Be8 43. Ra7+ Kf6 44. Ra3 Rb6 45. Nf2 Bf7 46. Nd1 Nf4 47.
Ra5 Bc4 48. Bxc4 Rxc4 49. Ra7 Rc8 50. Rda2 Kg5 51. Rh7 Rbb8 52. Rd7 Rd8 53.
Rxd8 Rxd8 54. Ra5 Rb8 55. Ra6 h5 56. gxh5 gxh5 57. Rxd6 Ra8 58. Rd2 Ra1 59. Ne3
Re1 60. Nd5 h4+ 61. Kh2 Rc1 62. Nxf4 Kxf4 63. Rd3 Rc2+ 64. Kh3 Rf2 65. Rd5
Rxf3+ 66. Kxh4 Rxc3 67. Rxb5 Rb3 68. Rb8 Rb1 69. Kh3 Kxe4 70. b5 Kf3 71. Kh2 e4
72. b6 Rb2+ 73. Kh1 e3 74. b7 Ke2 75. Kg1 Rb6 76. Kh1 Rh6+ 77. Kg2 Rg6+ 78. Kh1
Rg7 79. Kh2 Re7 80. Kg2 Ke1 81. Kf3 e2 82. Ra8 Rxb7 83. Ra1+ Kd2 1/2-1/2

[Event "14. Obert Int. Sant Marti 2012"]
[Site "Barcelona ESP"]
[Date "2012.07.18"]
[Round "6.2"]
[White "Hernandez Carmenates, Holden"]
[Black "Laxman, R R.."]
[Result "1/2-1/2"]
[WhiteElo "2569"]
[BlackElo "2422"]
[PlyCount "103"]
[EventDate "2012.07.13"]
[EventType "swiss"]
[EventRounds "9"]
[EventCountry "ESP"]
[SourceTitle "Ajedrez en Madrid"]
[Source "lmi"]
[SourceDate "2012.07.13"]
[SourceVersion "1"]
[SourceVersionDate "2019.06.21"]
[SourceQuality "1"]

1. d4 d5 2. c4 e6 3. Nc3 Bb4 4. Nf3 Nf6 5. cxd5 exd5 6. Bg5 Nbd7 7. Qc2 c5 8.
g3 O-O 9. Bg2 Qa5 10. O-O cxd4 11. Nxd4 Bxc3 12. bxc3 h6 13. Bxf6 Nxf6 14. c4
Qc5 15. e3 Be6 16. Rab1 Rab8 17. Rfc1 Rfc8 18. Bf1 Bd7 19. Qb3 b6 20. h4 dxc4
21. Bxc4 Qe7 22. Ba6 Rc5 23. Rxc5 Qxc5 24. Bc4 Qe7 25. Ba6 Ne4 26. Rc1 Nc5 27.
Qa3 Qf6 28. Be2 a6 29. Qb4 a5 30. Qb1 Re8 31. Bf3 g5 32. hxg5 hxg5 33. g4 Kg7
34. Kg2 Rh8 35. Rd1 Rh4 36. Nf5+ Bxf5 37. Qxf5 Qxf5 38. gxf5 Ra4 39. Rd6 Rxa2
40. f6+ Kg6 41. Rxb6 a4 42. Rc6 g4 43. Bd5 Nb3 44. Rc4 Kxf6 45. Rxg4 Rd2 46.
Rf4+ Ke5 47. Bxf7 Nc5 48. Bg6 a3 49. Rf5+ Kd6 50. Rf6+ Kc7 51. Bf7 a2 52. Bxa2
1/2-1/2

[Event "14. Obert Int. Sant Marti 2012"]
[Site "Barcelona ESP"]
[Date "2012.07.18"]
[Round "6.3"]
[White "Cruz, Filemon"]
[Black "Ortiz Suarez, Isan Reynaldo"]
[Result "1/2-1/2"]
[WhiteElo "2404"]
[BlackElo "2562"]
[PlyCount "120"]
[EventDate "2012.07.13"]
[EventType "swiss"]
[EventRounds "9"]
[EventCountry "ESP"]
[SourceTitle "Ajedrez en Madrid"]
[Source "lmi"]
[SourceDate "2012.07.13"]
[SourceVersion "1"]
[SourceVersionDate "2019.06.21"]
[SourceQuality "1"]

1. c4 c5 2. g3 Nc6 3. Bg2 g6 4. Nc3 Bg7 5. d3 d6 6. Nf3 e6 7. Rb1 Nge7 8. a3
O-O 9. Bg5 h6 10. Bd2 b6 11. b4 Bb7 12. Qc1 Kh7 13. b5 Na5 14. Na4 Rb8 15. O-O
Ba8 16. Bxa5 bxa5 17. Qd2 f5 18. Rb3 e5 19. Rfb1 Nc8 20. Ne1 Bxg2 21. Nxg2 f4
22. e4 h5 23. Qd1 Rb7 24. b6 axb6 25. R3b2 Bh6 26. Nc3 f3 27. Ne3 Bxe3 28. fxe3
Rbf7 29. Kf2 Qd7 30. Qf1 h4 31. Qg1 Qh3 32. gxh4 Qxh4+ 33. Qg3 Qh6 34. Nd5 Kh8
35. Nxb6 Nxb6 36. Rxb6 Rh7 37. Rh1 g5 38. h3 Qe6 39. Rbb1 Qd7 40. Rb5 Rg8 41.
a4 g4 42. h4 Qd8 43. Rb2 Rhg7 44. Rhb1 Kh7 45. Rb6 Kh6 46. d4 Rg6 47. h5 Rf6
48. Rc6 exd4 49. exd4 Qe7 50. e5 dxe5 51. Rbb6 Rxc6 52. Rxc6+ Kh7 53. Rxc5 Qb7
54. Rxe5 Qb2+ 55. Kf1 Qc1+ 56. Qe1 Qxe1+ 57. Rxe1 g3 58. Re7+ Kh8 59. Rf7 g2+
60. Kg1 Rg3 1/2-1/2

[Event "14. Obert Int. Sant Marti 2012"]
[Site "Barcelona ESP"]
[Date "2012.07.18"]
[Round "6.4"]
[White "Napoli, Nicolo'"]
[Black "Moskalenko, Viktor"]
[Result "0-1"]
[WhiteElo "2298"]
[BlackElo "2591"]
[PlyCount "42"]
[EventDate "2012.07.13"]
[EventType "swiss"]
[EventRounds "9"]
[EventCountry "ESP"]
[SourceTitle "Ajedrez en Madrid"]
[Source "lmi"]
[SourceDate "2012.07.13"]
[SourceVersion "1"]
[SourceVersionDate "2019.06.21"]
[SourceQuality "1"]

1. d4 Nf6 2. Nc3 g6 3. e4 d6 4. f4 Bg7 5. e5 Nfd7 6. h4 c5 7. h5 cxd4 8. h6
Bxe5 9. fxe5 dxc3 10. exd6 Qa5 11. b3 O-O 12. Qd4 e5 13. Qf2 Nc6 14. Bc4 Qc5
15. Be3 Nd4 16. Rh3 Qxd6 17. Nf3 Nb6 18. Nxd4 exd4 19. Bf4 Qf6 20. Rf3 Nxc4 21.
bxc4 Bg4 0-1

[Event "14. Obert Int. Sant Marti 2012"]
[Site "Barcelona ESP"]
[Date "2012.07.18"]
[Round "6.5"]
[White "Munoz Pantoja, Miguel"]
[Black "Cruz, Jonathan"]
[Result "0-1"]
[WhiteElo "2496"]
[BlackElo "2418"]
[PlyCount "90"]
[EventDate "2012.07.13"]
[EventType "swiss"]
[EventRounds "9"]
[EventCountry "ESP"]
[SourceTitle "Ajedrez en Madrid"]
[Source "lmi"]
[SourceDate "2012.07.13"]
[SourceVersion "1"]
[SourceVersionDate "2019.06.21"]
[SourceQuality "1"]

1. e4 e5 2. Nf3 Nc6 3. Bb5 a6 4. Ba4 Nf6 5. Bxc6 dxc6 6. d3 Nd7 7. Be3 c5 8.
Nbd2 Bd6 9. O-O O-O 10. Nc4 Re8 11. Nfd2 Nf8 12. Nb3 Ne6 13. a4 b6 14. c3 Bb7
15. f3 Qf6 16. d4 exd4 17. cxd4 cxd4 18. Nxd4 Rad8 19. Nf5 Bxh2+ 20. Kxh2 Rxd1
21. Rfxd1 Rd8 22. g4 Re8 23. Kg3 b5 24. axb5 axb5 25. e5 Qg6 26. Na5 Bxf3 27.
Kxf3 h5 28. Rg1 hxg4+ 29. Ke4 Nf8 30. Bd4 Nh7 31. Raf1 Nf6+ 32. Kd3 Nh5 33. Nb3
Qe6 34. Nc5 Qc4+ 35. Ke3 Nf6 36. Nxg7 Nd5+ 37. Ke4 Kxg7 38. e6+ Kh6 39. Rxf7
Nc3+ 40. Kf5 Qd5+ 41. Be5 Ne2 42. Rxg4 Qf3+ 43. Bf4+ Nxf4 44. Rxf4 Qd5+ 45. Kg4
Rg8+ 0-1

[Event "14. Obert Int. Sant Marti 2012"]
[Site "Barcelona ESP"]
[Date "2012.07.18"]
[Round "6.6"]
[White "Beltran Rueda, Santiago"]
[Black "Deepan, Chakkravarthy J"]
[Result "1/2-1/2"]
[WhiteElo "2383"]
[BlackElo "2468"]
[PlyCount "72"]
[EventDate "2012.07.13"]
[EventType "swiss"]
[EventRounds "9"]
[EventCountry "ESP"]
[SourceTitle "Ajedrez en Madrid"]
[Source "lmi"]
[SourceDate "2012.07.13"]
[SourceVersion "1"]
[SourceVersionDate "2019.06.21"]
[SourceQuality "1"]

1. Nf3 Nf6 2. c4 g6 3. Nc3 Bg7 4. d4 d5 5. Bg5 Ne4 6. Bh4 Nxc3 7. bxc3 dxc4 8.
e3 Be6 9. Qb1 b6 10. Be2 O-O 11. O-O Nc6 12. Ng5 Bf5 13. e4 Bc8 14. Bxc4 Na5
15. Be2 c5 16. Rd1 cxd4 17. cxd4 Bb7 18. Nf3 Rc8 19. a4 Rc7 20. Ra2 Qc8 21. d5
Rd8 22. Rad2 Bh6 23. Bg5 Bxg5 24. Nxg5 Rc3 25. Nf3 Nb3 26. Rb2 Nc5 27. Rb4 f5
28. Nd2 fxe4 29. Nxe4 Nxe4 30. Rxe4 Rxd5 31. Rxe7 Rxd1+ 32. Bxd1 Qc6 33. Qa2+
Kh8 34. f3 Qc5+ 35. Qf2 Qxe7 36. Qd4+ Qg7 1/2-1/2